000 00278nam a2200109Ia 4500
008 190216s9999||||xx |||||||||||||| ||und||
100 _a"Gulshan Rairaizada, Tuli Rk, Batra Jk"
245 0 _aMedical Guide
260 _bNew Light Publishers
_c1991
300 _a350p
942 _cREF
999 _c36144
_d36144